000 00397nam a2200145Ia 4500
008 230312s9999||||xx |||||||||||||| ||und||
082 _a658.473
_bWEA
100 _aAnthony Pratkanis
245 0 _aWeapons of Fraud
260 _bAARP and Anthony Pratkanis.
_aWshington
_c2005
300 _a241
546 _aEng.
650 _amanagement
_vOverview of Fraud Crimes , Building Trust
942 _cBK
999 _c368
_d368